|
|
|
|
| LEADER |
01200nam a2200229 a 4500 |
| 001 |
29211 |
| 003 |
BD-DhAAL |
| 005 |
20150507105344.0 |
| 008 |
150507r20101998bg 000 1 ben |
| 040 |
|
|
|a DB-DhAAL
|c DB-DhAAL
|
| 041 |
0 |
|
|a ben
|
| 082 |
0 |
0 |
|a 891.44371
|2 22
|
| 100 |
1 |
|
|a মল্লবর্মন, অদ্বৈত
|9 8827
|
| 245 |
1 |
0 |
|a তিতাস একটি নদীর নাম /
|c অদ্বৈত মল্লবর্মন; সংকলন, পরিমার্জন ও সম্পাদক সামসুন্নাহার বেগম
|
| 260 |
|
|
|a ঢাকা :
|b বুকম্যান,
|c ১৯৯৮ [ পুনর্মদ্রণ ২০১০].
|
| 300 |
|
|
|a ১৯২ পৃ. ;
|c ২২ সে.মি.
|
| 500 |
|
|
|a উচ্চ মাধ্যমিক শ্রেণীর বাংলা সহপাঠ
|
| 541 |
|
|
|e 29211
|
| 651 |
|
0 |
|a Bangladesh
|x Fiction.
|9 6692
|
| 942 |
|
|
|2 ddc
|c BK
|
| 999 |
|
|
|c 34370
|d 34370
|
| 952 |
|
|
|0 0
|1 0
|2 ddc
|4 0
|6 891_443710000000000_MOL
|7 0
|9 53667
|a BRACUL
|b BRACUL
|c GEN
|d 2015-05-07
|e BRAC Institute of Language (BIL)
|l 4
|m 45
|o 891.44371 MOL
|p 3010029211
|r 2026-02-02
|s 2025-11-10
|t 1
|w 2015-05-07
|y BK
|x Transferred from BIL to BRACUL on 06/06/22
|